000 01840cam a2200361 a 4500
001 16212380
005 20170105102852.0
008 100430s2011 enka j b 001 0 eng
010 _a 2010018474
015 _aGBA9B5639
_2bnb
016 7 _a015432871
_2Uk
020 _a9780415566308
020 _a0415566304
020 _a9780415566315 (pbk.)
020 _a0415566312 (pbk.)
035 _a(OCoLC)ocn430052216
040 _aDLC
_cDLC
_dYDX
_dUKM
_dBTCTA
_dYDXCP
_dCDX
_dRCE
_dDLC
050 0 0 _aU22.3
_b.E858 2011
082 0 0 _a303.66
_222
245 0 0 _aExperiencing war /
_cedited by Christine Sylvester.
260 _aLondon ;
_aNew York :
_bRoutledge,
_c2011.
300 _ax, 136 p. :
_bill. ;
_c24 cm.
490 0 _aWar, politics and experience
504 _aIncludes bibliographical references and index.
505 0 _aExperiencing war : an introduction / Christine Sylvester -- The passions of protection : sovereign authority and humanitarian war / Anne Orford -- Gendered humanitarianism : reconsidering the ethics of war / Kimberly Hutchings -- Wars, bodies, and development / Brigitte Holzner -- Ruling exceptions : female soldiers and everyday experiences of civil conflict / Megan MacKenzie -- Experiencing the Cold War / Heonik Kwon -- On the uselessness of new wars theory : lessons from African conflicts / Stephen Chan -- Dilemmas of drawing war / Jill Gibbon -- Pathways to experiencing war / Christine Sylvester.
650 0 _aWar
_xPsychological aspects.
650 0 _aWar and society.
700 1 _aSylvester, Christine.
856 4 2 _3Contributor biographical information
_uhttp://www.loc.gov/catdir/enhancements/fy1114/2010018474-b.html
906 _a7
_bcbc
_corignew
_d1
_eecip
_f20
_gy-gencatlg
942 _2ddc
_cBK
999 _c14309
_d14309